LEADER 01272nam--2200409---450- 001 990000444650203316 005 20090430150822.0 010 $a88-8089-139-1 035 $a0044465 035 $aUSA010044465 035 $a(ALEPH)000044465USA01 035 $a0044465 100 $a20010514d1996----km-y0itay0103----ba 101 $ata 102 $aIT 105 $a||||||||001yy 200 1 $aCapitalismo all'italiana$ecome i furbi comandano con i soldi degli ingenui$fSalvatore Bragantini 210 $aMilano$cBaldini & Castoldi$d1996 215 $a135 p.$d23 cm 225 2 $aEconomia e management$v10 410 $12001$aEconomia e management$v10 606 0 $aCapitalismo$yItalia 606 0 $aImprenditori$yItalia 606 0 $aAziende$xGestione$xControllo 676 $a330.1220945 700 1$aBRAGANTINI,$bSalvatore$0139745 801 0$aIT$bsalbc$gISBD 912 $a990000444650203316 951 $a330.122 BRA 1 (XV F COLL. 19/10)$b130153 LM$cXV F COLL.$d00207785 959 $aBK 969 $aECO 979 $aPATTY$b90$c20010514$lUSA01$h1346 979 $c20020403$lUSA01$h1652 979 $aPATRY$b90$c20040406$lUSA01$h1631 979 $aRSIAV3$b90$c20090430$lUSA01$h1508 996 $aCapitalismo all'italiana$9856024 997 $aUNISA LEADER 02691 am 2200541 n 450 001 9910768399103321 005 20230411 010 $a2-7288-0839-2 024 7 $a10.4000/books.editionsulm.9606 035 $a(CKB)5590000001038857 035 $a(FrMaCLE)OB-editionsulm-9606 035 $a(PPN)270136517 035 $a(EXLCZ)995590000001038857 100 $a20230421j|||||||| ||| 0 101 0 $afre 135 $auu||||||m|||| 200 10$aF. S. Fitzgerald, Tender Is the Night L??uvre singulière /$fHélène Aji, Agnès Derail 210 $aParis $cÉditions Rue d?Ulm$d2023 215 $a1 online resource (124 p.) 311 $a2-7288-0837-6 330 $aÀ un moment de l?histoire encore hanté par la Grande Guerre et déjà lassé des fêtes du Jazz Age, Tender Is the Night se construit comme la chronique désaxée d?une perte des certitudes et des repères : consumérisme et prédation informent les relations humaines et forcent à l?isolement ceux qui ne s?y conforment pas?; transgression et silence étouffent les êtres indifféremment, quel que soit leur rôle dans une tragédie dérisoire?; malgré les liaisons, les liens ne se tissent pas et rien ne permet aux groupes qui semblent se composer de faire communauté. Le mode narratif adopté par Fitzgerald propose une modélisation de ce constat social et culturel qui entame la possibilité de faire ?uvre. Exceptionnel par son ampleur et sa noirceur, le texte donnerait à lire les manifestations d?une défaisance dont la violence met en question l?intégrité de la narration en même temps qu?elle condamne les individus à la singularité. 606 $aLiterature American 606 $aanalyse littéraire 606 $aétude littéraire 606 $aécriture romanesque 606 $aclassique littéraire 606 $alittérature américaine 606 $aouvrage collectif 615 4$aLiterature American 615 4$aanalyse littéraire 615 4$aétude littéraire 615 4$aécriture romanesque 615 4$aclassique littéraire 615 4$alittérature américaine 615 4$aouvrage collectif 700 $aAgosto$b Marie-Christine$01303944 701 $aAji$b Hélène$01275945 701 $aAntolin$b Pascale$01318846 701 $aDerail$b Agnès$0477885 701 $aManolescu$b Monica$0880956 701 $aOudart$b Clément$01275949 701 $aSpill$b Frédérique$01364034 701 $aTadié$b Benoît$01298751 801 0$bFR-FrMaCLE 906 $aBOOK 912 $a9910768399103321 996 $aF. S. Fitzgerald, Tender Is the Night L??uvre singulière$93657248 997 $aUNINA